=LDR 00000nam 2200000 4500 =001 INLIS000000000036339 =005 20130612142131 =008 ***********************************Ind** =035 ##$$0010-061300000036339 =041 ##$$a Ind =082 ##$$a 364.2 =090 ##$$a 364.2, Jef m =100 ##$$a Jeffrey, Gary =245 ##$$a Membongkar misteri kriminal, Autopsi kerja ahli patologi, oleh Gary Jeffrey ; alih bahasa, Fransiska Dyah H =260 ##$$a 2008 $b Jakarta =300 ##$$a 47 hlm, ilus, 28 cm =650 ##$$a Antropologi Kriminal =700 ##$$a Dyah, Fransisca =850 ##$$a NBPNMAT